000 00396nam a22001577a 4500
999 _c8678
_d8678
003 OSt
008 200702b ||||| |||| 00| 0 eng d
020 _a9788185731803
100 _aN.C.Chaudhry
245 _aPharmaceutical Chemistry-i
250 _a5th
260 _aNew Delhi
_b VALLABH PRAKASHAN
_c2018
300 _a278
650 _aPharmaceutical Inorganic Chemisty
942 _2ddc
_cBK
_06